Serra de Rivera (Record no. 16266)

MARC details
000 - LÍDER
campo de control de longitud fija 00742nam a2200193Ia 4500
008 - ELEMENTOS DE DATOS DE LONGITUD FIJA - INFORMACIÓN GENERAL
campo de control de longitud fija 0000001984 fr a 0000000000mul00
090 ## - NÚMERO DE LLAMADA DE TIPO LC LOCALMENTE ASIGNADO (OCLC)
Número de clasificación (OCLC) (R) PSP00 B14s
100 1# - ENTRADA PRINCIPAL - NOMBRE PERSONAL
Nombre de la persona Ballester, Margarita
245 10 - TÍTULO DECLARACIÓN
Título Serra de Rivera
Declaración de responsabilidad / texto de Margarita Ballester
260 ## - PUBLICACIÓN, DISTRIBUCIÓN
Lugar de publicación Paris : Fiac
Fecha de publicación 1984
300 ## - DESCRIPCIÓN FÍSICA
Alcance [24] p.
Dimensiones / 20 cm.
500 ## - NOTA GENERAL
Nota general Exposición realizada en FIAC84 Grand Palais de París en octubre de 1984 \ incluye datos biográficos y cronología artística \ Texto en catalán y francés
600 00 - ENTRADA DE SUJETO AÑADIDO - NOMBRE PERSONAL
Nombre de la persona SERRA DE RIVERA, JAVIER, 1946/
Subdivisión general TRABAJOS PICTORICOS
650 14 - ENTRADA DE SUJETO AÑADIDO - TÉRMINO TÓPICO
Término tópico o elemento de entrada del nombre geográfico PINTURA ESPAÑOLA
650 14 - ENTRADA DE SUJETO AÑADIDO - TÉRMINO TÓPICO
Término tópico o elemento de entrada del nombre geográfico ARTE CONTEMPORANEO ESPAÑOL
650 14 - ENTRADA DE SUJETO AÑADIDO - TÉRMINO TÓPICO
Subdivisión general CATALOGOS
650 14 - ENTRADA DE SUJETO AÑADIDO - TÉRMINO TÓPICO
Subdivisión general EXPOSICIONES
650 14 - ENTRADA DE SUJETO AÑADIDO - TÉRMINO TÓPICO
Término tópico o elemento de entrada del nombre geográfico PINTORES ESPAÑOLES
Holdings
Estado de retirada Pérdida de estatus Estado dañado No para préstamo Código de recogida Ubicación permanente Ubicación actual Ubicación de las estanterías Fecha de adquisición Número de llamada completo Código de barras Fecha de la última vez que se vio Número de copia Precio efectivo desde Tipo de artículo Koha
        General ArtNexus ArtNexus General 06/09/2022 P-SP-00 B14S 16951 06/09/2022 Ej.1 06/09/2022 Libro

Powered by Koha